Administración de bibliotecas /

Guardado en:
Autor Principal: Cagnoli, Roberto V.
Formato: Libro
Idioma:Spanish
Publicado: Buenos Aires : EB publicaciones, 1996.
Materias:
Acceso en línea:Contenido
Etiquetas: Agregar Etiqueta
Sin Etiquetas, Sea el primero en etiquetar este registro!
LEADER 00800nam a22002175a 4500
001 EIQ.libpla000139
008 050929s1996####ag#######b####001#0#spa#d
005 20070323144426.0
245 1 0 |a Administración de bibliotecas /  |c Roberto V Cagnoli. 
260 |a Buenos Aires :  |b EB publicaciones,  |c 1996. 
300 |a 2 v ;  |c 20,5 cm. 
504 |a Incluye referencias bibliográficas (p. 144-146) e índice. 
505 1 |a v. 1 Planeamiento y control 
500 |a La biblioteca posee el v. 1. 
020 |a 9879580907 (v. 1) 
100 1 |a Cagnoli, Roberto V. 
650 4 |a Bibliotecas  |x Finanzas. 
650 4 |a Libraries  |x Finances. 
040 |a AR-BbSID  |b spa  |c AR-BbSID 
856 |u http://www.nuevoparhadigma.com.ar/cagnoli.htm  |z Acceso público  |y Contenido 
859 |a AR-BbSID  |b BIB. PLAPIQUI  |h 350.852  |i Cag 118  |p 4480